Quizzes
Events
Quiz Creation
Community
Videos
Private Events
Remove Ads
Sign In
Join for FREE
Feedback
Dark Mode
Quiz Categories
Sports
Geography
Music
Movies
Television
Just For Fun
Miscellaneous
History
Literature
Language
Science
Gaming
Entertainment
Religion
Holiday
For Kids
Quiz Lab
Recent
Popular Today
Quiz Kudos Today
Editor Picks
Curator Picks
Quizzes by...
Day
Popularity
Type
Ratings
Length
Year
Community
Subscriptions
Recent Discussions
Orange Saloon
Badges
Playlists
Quests
Create
Leaderboards
Showdown
Live 5
Trivia Bingo
Activity
Puzzle Library
Sporcle Events
Private Events
Virtual Trivia
Globe League
Become a Host
Pub Owners
SporcleCon
Opinionation
Our Games
Videos
Blog
Mobile Apps
Partnerships
Remove Ads and Go Orange
Feedback
Sports
Athletes
MLB
NBA
NHL
NFL
Soccer
Sports Teams
WWE
NCAA
Football
Premier League
Basketball
Baseball
Hockey
Golf
Tennis
Cricket
Rugby
Auto Racing
Olympics
World Cup
Sports
Athletes
MLB
NBA
NHL
NFL
Soccer
Sports Teams
WWE
NCAA
Football
Premier League
Basketball
Baseball
Hockey
Golf
Tennis
Cricket
Rugby
Auto Racing
Olympics
World Cup
Random Quiz
Search Sporcle
×
Curator Pick
Curator Pick
Sports
Soccer
Type answers based on single images at one time
Type answers based on single images at one time
Slideshow
Best Score? Go Orange.
Football Kits: MLS 2014 Stats
Can you name the MLS 2014 teams by the image of their kits?
By
Freddie
5m
19 Questions
1,756 Plays
1,756 Plays
1,756 Plays
Comments
Comments
Give Quiz Kudos
Give Quiz Kudos
-
- Ratings
hide this ad
Replay
Link that replays current quiz
Next Quiz
Link to next quiz in quiz playlist
You Got
0%
They Got
Avg Score
74%
Avg Friend Score
Upgrade to see
Score Distribution
Jump to the score distribution portion of the page
Score
0/19
Timer
05:00
0
Plays Today
% Correct
New York Red Bulls
98.9%
Los Angeles Galaxy
93.8%
Houston Dynamo
86.9%
Seattle Sounders
84.1%
Portland Timbers
82.2%
Columbus Crew
80.8%
Toronto FC
80.6%
New England Revolution
79.4%
DC United
79.2%
Chicago Fire
78.8%
% Correct
Chivas USA
74.1%
FC Dallas
68.6%
Real Salt Lake
67.1%
Vancouver Whitecaps
66.8%
Montreal Impact
65.6%
Sporting Kansas City
64.6%
Colorado Rapids
62.2%
Philadelphia Union
59.9%
San Jose Earthquakes
49%
Quiz Playlist
Details
Report
Send in Message
Add To Playlist
Slideshow:
Type answers based on single images at one time
Quiz Source
Last Updated: Feb 12, 2018
Curator Pick in
Soccer
Quiz Scoreboard
CHALLENGE
Sign Up to Join the Scoreboard
Show All
Scores
Hide
Comments
May contain spoilers
Recently Published
Popular People in 1961
by mucciniale
History
6m
1-10 Letter E Words III
by El_Dandy
Language
2m
One Thing in Common: World Cities II
by knightlancer
Geography
7m
More to Explore
Quiz From the Vault
Featured Blog Post
Where Did the Easter Bunny Come From?
hide this ad
You Might Also Like...
Tags
Football Quiz
Soccer Quiz
2014
kit
MLS
team
Today's Top Quizzes in Sports
Browse Sports
hide this ad
Today's Top Quizzes in Soccer
Browse Soccer
Top Contributed Quizzes in Sports
1
2022 World Cup Stars
2
Les entraîneurs de l'OM et du PSG au 21e siècle
3
FIFA Club World Cup Champions
4
Criteria MLB: Left Handed Sluggers
5
Les meilleurs buteurs des matchs entre le PSG et l’OM
6
Name the Premier League winners with different clubs
7
Players with Multiple 50 Home Run Seasons
8
MLB Players with Two .350 Batting Average Seasons
9
La finale Lions - Afrique du Sud 2021
10
MLB Hall of Famer by Rings
Explore More
Trending Topics
Marvel
Harry Potter
Disney
Anime
NBA
Crossword
Kpop
WWE
Soccer
The Office
Song
Country
NFL
Puzzle
Pokémon
hide this ad
More By:
Freddie
Quiz
Plays
Rating
Category
Featured
Created
All-Time UEFA Champions League Teams
596,068
4.43
Sports
Sep 29, 2009
Premier League Top Goalscorers by Club
402,301
4.43
Sports
Jan 2, 2010
Champions League XIs: Manchester United
399,915
4.58
Sports
Nov 3, 2010
Champions League XIs: Real Madrid
381,270
4.57
Sports
Oct 22, 2010
International Football XIs: England
369,644
4.75
Sports
Dec 12, 2012
Go to Creator's Profile
Score Distribution
Quiz Creator Spotlight
Freddie
Follow
Send a Message
Quizzes Created
-
Created Quiz Play Count
-
More By This Creator
Popular Quizzes Today
1
Find the US States - No Outlines Minefield
2
The Countries of the World
3
Popular People in 1961
4
Find the Countries of Europe - No Outlines Minefield
5
1-10 Letter E Words III
6
Find the US States
7
One Thing in Common: World Cities II
8
US States
More Sports Quizzes
Top 30 Scorers for Fabio Capello
Quiz Lab
Trending Quizzes
Country Music Stars Doing Things
Get the Picture: Carrie or Dolly
1-10 Letter F Words
1-10 Letter G Words
Risky Map Clicking: Next State Alphabetically
Recently Updated
Leaping Animals
pecheneg
Reality TV Shows (A-Z)
bhenderson79
Rickey Henderson's Hall of Fame Teammates
pecheneg
Champions League XIs: Arsenal
pecheneg
Quick Pick: Celebrities in WWE's Hall of Fame
aduchscher
A-Z Keypad Blitz II
pecheneg
Multiple Oscar Actors
pecheneg
Mystery Phrase Blitz: Oscar 'Best Actors'
pecheneg
F. Scott Fitzgerald Novels
LTH
Pick 3 Villains
ddd62291
Trending Topics
Crossword
Kpop
Harry Potter
Anime
Disney
NBA
Marvel
Country
Puzzle
Pokémon
Song
NFL
Soccer
WWE
The Office
Your Account Isn't Verified!
In order to create a playlist on Sporcle, you need to verify the email address you used during registration. Go to your
Sporcle Settings
to finish the process.
Report this User
Report this user for behavior that violates our
Community Guidelines
.
Details:
Send Report
Go to the Sporcle.com Mobile Site →
Comments